| 000 | 00485nam a2200181Ia 4500 | ||
|---|---|---|---|
| 001 | 13512 | ||
| 003 | IN-NITTTR | ||
| 005 | 20251114233127.0 | ||
| 008 | 251113s9999||||xx |||||||||||||| ||eng|| | ||
| 040 | _beng | ||
| 040 | _cIN-NITTTR | ||
| 041 | _aeng | ||
| 082 | _a338.04 S23E | ||
| 100 | _aSharma, Krishan Lal | ||
| 245 | 0 |
_aEntrepreneurial growth and development programmes in northern India / _cSharma, Krishan Lal, Harnek Singh |
|
| 700 | _a Harnek Singh, | ||
| 942 |
_2ddc _cBK |
||
| 999 |
_c16148 _d16148 |
||